00810nam a2200217Ia 4500003000900000008004100009020001800050040001600068080002300084245015900107260003700266300001500303650001400318650002400332650001900356700002800375700003400403942000700437999001700444952013100461IN-BaIIA211028s9999 xx 000 0 eng d a0-7923-4885-0 cIIA Library a52(082.1)bASS-226 0aObservational cosmology with the new radio surveyscedited by M. N. Bremer, N. Jackson and I. Perez-Fournon  aDordrechtbKluwer Academicc1998 axii, 345p. aCosmology aRadio survey921880 aUniverse91987 aJackson, N., ed.921144 aPerez-Fournon, I., ed.921881 cBK c12498d12498 00104070aBANbBANcGENd1998-05-18g5050.00l0o52(082.1)/ ASS-226p13415r2021-11-05v5050.00w1998-05-18yBKGRs. 5050.00